000
00373nam a2200145Ia 4500
008
100122s9999 xx 000 0 und d
082
_b
42836
_a
823
100
_a
थोरे अशोक
245
_a
ईनामी
260
_b
आशिष प्रकाशन
_c
1989
300
_a
200
630
_a
ईनामी
730
_a
ईनामी
942
_c
BOOK
999
_c
423133
_d
423130